000 00559nam a2200205Ia 4500
999 _c50880
_d50880
001 17835
003 GE_BSU
005 20200226114255.0
008 181216s1986en xx |||||||||||||| ||eng||
020 _a017529520
040 _cGE_BSU
080 _a811.111.1 T-46
100 _aThomas,B.J.
_97472
245 _aIntermediate vocabulary :
_bnev edition /
_cB.J. Thomas
264 _aHarlow :
_bLongman,
_c1986.
300 _a120 p.:
_bill;
_c23 cm.
653 _aIntermediate vocabulary
653 _aინგლისური ენა
942 _cBK
_2udc